Films that have won the Oscar for Best Picture - Statistics

General Stats
  • This quiz has been taken 549 times
  • The average score is 40 of 85
Answer Stats
Year Film % Correct
1997 Titanic
82%
1939 Gone with the Wind
78%
1972 The Godfather
77%
1974 The Godfather Part II
67%
2003 The Lord of The Rings: The Return of the King
66%
1943 Casablanca
65%
1993 Schindler's List
65%
1994 Forrest Gump
64%
1991 The Silence of the Lambs
60%
1959 Ben-Hur
59%
2000 Gladiator
58%
2011 The Artist
57%
2012 Argo
56%
1975 One Flew Over the Cuckoo's Nest
56%
2005 Crash
55%
1990 Dances with Wolves
55%
1998 Shakespeare in Love
55%
2009 The Hurt Locker
55%
1965 The Sound of Music
55%
1979 Kramer vs. Kramer
54%
2010 The King's Speech
54%
1999 American Beauty
53%
1982 Gandhi
53%
1978 The Deer Hunter
53%
1977 Annie Hall
52%
1962 Lawrence of Arabia
52%
2004 Million Dollar Baby
52%
2007 No Country for Old Men
52%
1986 Platoon
51%
2006 The Departed
51%
1961 West Side Story
51%
1995 Braveheart
50%
2002 Chicago
50%
1970 Patton
50%
1988 Rain Man
50%
1976 Rocky
50%
1996 The English Patient
50%
2008 Slumdog Millionaire
49%
1973 The Sting
49%
1984 Amadeus
48%
1964 My Fair Lady
48%
1954 On the Waterfront
48%
1971 The French Connection
48%
1992 Unforgiven
48%
2001 A Beautiful Mind
47%
1989 Driving Miss Daisy
47%
1985 Out of Africa
47%
1927/28 Wings
47%
1981 Chariots of Fire
46%
1950 All About Eve
45%
1969 Midnight Cowboy
45%
1968 Oliver!
45%
1980 Ordinary People
45%
1960 The Apartment
45%
1983 Terms of Endearment
43%
1967 In the Heat of the Night
42%
1934 It Happened One Night
42%
1958 Gigi
41%
1940 Rebecca
41%
1987 The Last Emperor
41%
1955 Marty
40%
1953 From Here to Eternity
39%
1929/30 All Quiet on the Western Front
38%
1948 Hamlet
37%
1941 How Green Was My Valley
37%
1942 Mrs. Miniver
36%
1966 A Man for All Seasons
35%
1957 The Bridge on the River Kwai
35%
1946 The Best Years of Our Lives
34%
1963 Tom Jones
34%
1949 All the King's Men
33%
1951 An American in Paris
33%
1956 Around the World in 80 Days
33%
1930/31 Cimarron
33%
1952 The Greatest Show on Earth
33%
1931/32 Grand Hotel
32%
1945 The Lost Weekend
32%
1928/29 The Broadway Melody
31%
1932/33 Cavalcade
30%
1944 Going My Way
30%
1935 Mutiny on the Bounty
30%
1937 The Life of Emile Zola
28%
1947 Gentleman's Agreement
27%
1936 The Great Ziegfeld
27%
1938 You Can't Take It With You
27%
No matching quizzes found
Score Distribution
Percent of People with Each Score
Percentile by Number Answered
Your Score History
You have not taken this quiz